Le problème de l'incroyance au XVIe siècle (Record no. 106854)

MARC details
000 -LEADER
campo de control de longitud fija 00853nam a2200253 i 4500
001 - NÚMERO DE CONTROL
campo de control 106854
003 - IDENTIFICADOR DE NÚMERO DE CONTROL
campo de control ES-MaACL
005 - FECHA Y HORA DE LA ÚLTIMA TRANSACCIÓN
campo de control 20250927115452.0
007 - CAMPO FIJO DE DESCRIPCIÓN FÍSICA--INFORMACIÓN GENERAL
campo de control de longitud fija t|
008 - DATOS DE LONGITUD FIJA--INFORMACIÓN GENERAL
campo de control de longitud fija 070105s1968 fr ||||1| fre d
080 ## - NÚMERO DE LA CLASIFICACIÓN DECIMAL UNIVERSAL
Número de la Clasificación Decimal Universal 840 Rabelais, François 1.06:2
080 ## - NÚMERO DE LA CLASIFICACIÓN DECIMAL UNIVERSAL
Número de la Clasificación Decimal Universal 211"15"
100 1# - ENTRADA PRINCIPAL--NOMBRE DE PERSONA
Nombre de persona Febvre, Lucien,
Fechas asociadas al nombre 1878-1956
9 (RLIN) 49047
245 13 - MENCIÓN DEL TÍTULO
Título Le problème de l'incroyance au XVIe siècle
Resto del título : la religion de Rabelais /
Mención de responsabilidad, etc. Lucien Febvre.
260 ## - PUBLICACIÓN, DISTRIBUCIÓN, ETC.
Lugar de publicación, distribución, etc. Paris :
Nombre del editor, distribuidor, etc. Albin Michel,
Fecha de publicación, distribución, etc. [1968]
300 ## - DESCRIPCIÓN FÍSICA
Extensión 511 p. ;
Dimensiones 18 cm.
490 1# - MENCIÓN DE SERIE
Mención de serie L'Evolution de l'humanité
500 ## - NOTA GENERAL
Nota general Biblioteca Jacinto Martínez Lacalle.
600 14 - PUNTO DE ACCESO ADICIONAL DE MATERIA--NOMBRE DE PERSONA
Nombre de persona Rabelais, François,
Fechas asociadas al nombre ca. 1494-1553-
Subdivisión general Religión
9 (RLIN) 94858
650 14 - PUNTO DE ACCESO ADICIONAL DE MATERIA--TÉRMINO DE MATERIA
Término de materia o nombre geográfico como elemento de entrada Ateismo-
Subdivisión cronológica S.XVI.
9 (RLIN) 10396
830 0# - PUNTO DE ACCESO ADICIONAL DE SERIE-TÍTULO UNIFORME
Título uniforme L'Evolution de l'humanité
9 (RLIN) 181507
852 ## - LOCALIZACIÓN
Ubicación ES-MaACL
Número de control de estantería E-11492
Sublocalización o colección R.139562
Holdings
Estatus retirado Estado de pérdida Estado de daño No para préstamo Biblioteca de origen Biblioteca actual Ubicación en estantería Fecha de adquisición Fuente de adquisición Total de préstamos Signatura topográfica completa Código de barras Visto por última vez Precio de reemplazo Tipo de ítem Koha
        Biblioteca del Ateneo de Madrid Biblioteca del Ateneo de Madrid Depósito 2 17/01/2008     E-11492 1111535 23/02/2023 23/02/2023 Libro impreso